| 000 | 00364nam a2200145Ia 4500 | ||
|---|---|---|---|
| 008 | 150201s2012 xx 000 0 und d | ||
| 082 |
_a612 _bG12B |
||
| 100 | _aBARRETT , KIM E. | ||
| 245 | _aGANONG,S REVIEW OF MEDICAL PHYSIOLOGY | ||
| 250 | _a24TH | ||
| 260 |
_bMC GRAW HILL _aDELHI _c2012 |
||
| 300 | _a1-752 | ||
| 650 | _aHUMAN PHYSIOLOGY | ||
| 942 |
_2ddc _cBK _04 |
||
| 999 |
_c1463 _d1463 |
||